Statistics for Top 20 least Corrupt Countries Quiz

Click here to take the quiz!

General Stats

  • This quiz has been taken 45 times
  • The average score is 16 of 20

Answer Stats

HintCorruption Index Score:Answer% Correct
Corruption Index Score: 90Denmark
97%
Corruption Index Score: 87Finland
95%
Corruption Index Score: 84Norway
95%
Corruption Index Score: 74Canada
92%
Corruption Index Score: 77Ireland
92%
Corruption Index Score: 83Sweden
92%
Corruption Index Score: 74Iceland
90%
Corruption Index Score: 73the United Kingdom
90%
Corruption Index Score: 75Australia
85%
Corruption Index Score: 79Germany
85%
Corruption Index Score: 73Japan
85%
Corruption Index Score: 80Netherlands
85%
Corruption Index Score: 87New Zealand
85%
Corruption Index Score: 73Belgium
82%
Corruption Index Score: 82Switzerland
82%
Corruption Index Score: 72France
77%
Corruption Index Score: 74Estonia
62%
Corruption Index Score: 83Singapore
59%
Corruption Index Score: 74Uruguay
33%
Corruption Index Score: 76Hong Kong
13%

Score Distribution

Percentile by Number Answered

Percent of People with Each Score

Your Score History

You have not taken this quiz